| 000 | 01058nam a2200181 a 4500 | ||
|---|---|---|---|
| 008 | 211119s2017 ||||||||||||||||| || u | ||
| 020 | _a9780081006368 | ||
| 050 | _aTA 443.P58 Wu | ||
| 100 | _aEamon, Christopher D | ||
| 245 | 1 | 0 |
_aStrengthening of concrete Structures using fiber reinforced polymers ( FRP):Design, Construction and Practical Applications _cBy Hwai-Chung Wu; Christopher D. Eamon |
| 260 |
_aUnited Kingdom _c2017 |
||
| 300 | _aVi, 332 Pages : illustration | ||
| 650 | _aPOLYMER--IMPREGNATED CONCRETE | ||
| 700 | _aWu, Hwai-Chung | ||
| 995 |
_aMAIN LIBRARY OPEN ACCESS _e751151 _FCBU-MAIN LIBRARY (Kitwe) _I161.99 _jTA 443.P58 Wu _M1 _UAVAILABLE _WNov 19, 2021 _y751151 _ZMain Library Open Access Collection |
||
| 995 |
_aMAIN LIBRARY OPEN ACCESS _e751152 _FCBU-MAIN LIBRARY (Kitwe) _I161.99 _jTA 443.P58 Wu _M2 _UAVAILABLE _WNov 19, 2021 _y751152 _ZMain Library Open Access Collection |
||
| 995 |
_aMAIN LIBRARY OPEN ACCESS _e751153 _FCBU-MAIN LIBRARY (Kitwe) _I161.99 _jTA 443.P58 Wu _M3 _UAVAILABLE _WNov 19, 2021 _y751153 _ZMain Library Open Access Collection |
||
| 999 |
_c76893 _d76893 |
||